00960nam0a22002051 4500001001100000005001700011035002600028100004100054101000800095102000700103105001800110200027200128210014400400215002400544702002500568710010400593801001800697801002200715852001700737rc\264455120250529190341.0 a(NLR Aleph) 006952317 a20110607d1928 |||y0rusy50 ca0 arus aRU ay z |||||1 aКонъюнктура народного хозяйства ДССР в 1927-28 с.-х. годуeМатериалы к докладу Госплана в Совнаркоме ДССРfДССР. Конъюнктурное бюро ГоспланаgА.Л. М-ов aМахач-Калаcизд-во "Плановое хоз-во Дагестана"d1928g2-я гостипо-литогр. ДагГИЗ'а a50 с.d26х17 см 1aМ-овbА.Л.457001aДагестанская АССРbГосударственная плановая комиссия 0aRUbNLRgpsbo 1aRUbELAR2rusmarc aNLRj59/3071